Športovo-rekreačné aktivity v cestovnom ruchu

Športovo-rekreačné aktivity účastníkov cestovného ruchu na Slovensku. Športovo rekreačná vybavenosť ubytovacích zariadení. Trendy vývoja športovo-rekreačných aktivít v cestovnom ruchu. Ponuka zdravotného cestovného ruchu, ktorého súčasťou sú aj športovo-rekreačné aktivity.

Gespeichert in:
Bibliographische Detailangaben
1. Verfasser: Gúčik, Marián
Format: Buchkapitel
Sprache:Slowakisch
Schlagworte:
Tags: Tag hinzufügen
Keine Tags, Fügen Sie das erste Tag hinzu!

MARC

LEADER 00000naa a2200000 4500
001 r030370
005 20230724103600.6
041 0 |a slo 
044 |a SK 
245 1 0 |a Športovo-rekreačné aktivity v cestovnom ruchu  |c Marian Gúčik 
520 |a Športovo-rekreačné aktivity účastníkov cestovného ruchu na Slovensku. Športovo rekreačná vybavenosť ubytovacích zariadení. Trendy vývoja športovo-rekreačných aktivít v cestovnom ruchu. Ponuka zdravotného cestovného ruchu, ktorého súčasťou sú aj športovo-rekreačné aktivity. 
610 2 0 |a ruch cestovný 
610 2 0 |a hotelierstvo 
610 2 0 |a hotely 
610 2 0 |a zdravie 
610 2 0 |a šport 
610 2 0 |a rekreácia 
610 2 0 |a Slovensko 
610 2 0 |a ruch cestovný zdravotný 
100 1 |a Gúčik, Marián